[Event "ENCI Limburg-open A"]
[Site "Maastricht"]
[Date "2012.05.26"]
[Round "2"]
[White "Knol, Geon"]
[Black "Klein, Felix"]
[Result "1-0"]
[WhiteElo "2130"]
[BlackElo "2286"]
[PlyCount "139"]
[EventDate "2012.05.25"]
[EventType "swiss"]
[EventRounds "7"]
[EventCountry "NED"]
[Source "P.Boonen"]
[SourceDate "2013.01.01"]

1. e4 c5 2. Nc3 e6 3. g3 d5 4. d3 dxe4 5. Nxe4 Nc6 6. Bg2 Nge7 7. Ne2 Nf5 8.
O-O Be7 9. Bd2 O-O 10. a3 Nfd4 11. Rb1 a5 12. Nxd4 cxd4 13. Qh5 f6 14. b4 axb4
15. axb4 Ra2 16. Qd1 Kh8 17. b5 Nb8 18. Bb4 e5 19. f4 Bxb4 20. Rxb4 Nd7 21. Qb1
Ra8 22. Qb2 Nb6 23. fxe5 fxe5 24. c4 Rxf1+ 25. Bxf1 Bf5 26. Qg2 Ra1 27. Rb2 h5
28. Rf2 g6 29. h3 Re1 30. Re2 Rxe2 31. Bxe2 Nxc4 32. dxc4 d3 33. Bd1 Qd4+ 34.
Nf2 e4 35. Kf1 e3 36. Qd5 Qa1 37. Qd8+ Kg7 38. Qe7+ Kg8 39. Qxe3 Bxh3+ 40. Kg1
Bf5 41. Qe8+ Kg7 42. Qe7+ Kh6 43. Qe3+ Kh7 44. c5 Qb1 45. b6 Bg4 46. Qxd3 Qxd3
47. Nxd3 Bxd1 48. Ne5 Bb3 49. c6 Bd5 50. c7 Be6 51. Nf7 Kg7 52. Nd6 Kf6 53.
Nxb7 Ke7 54. Nc5 Bc8 55. b7 Bxb7 56. Nxb7 Kd7 57. Nc5+ Kxc7 58. Ne6+ Kd6 59.
Nf4 h4 60. gxh4 Ke5 61. Nxg6+ Kf5 62. h5 Kg5 63. Nf4 Kh6 64. Kg2 Kg5 65. Kg3
Kh6 66. Kg4 Kh7 67. Kg5 Kg7 68. Ne6+ Kh7 69. h6 Kh8 70. Nd8 1-0

[Event "ENCI Limburg-open A"]
[Site "Maastricht"]
[Date "2012.05.26"]
[Round "2"]
[White "Koenig, Christian"]
[Black "Faber, Hugo"]
[Result "1/2-1/2"]
[WhiteElo "2121"]
[BlackElo "2061"]
[PlyCount "85"]
[EventDate "2012.05.25"]
[EventType "swiss"]
[EventRounds "7"]
[EventCountry "NED"]
[Source "P.Boonen"]
[SourceDate "2013.01.01"]

1. e4 e6 2. d4 d5 3. Nc3 Nf6 4. e5 Nfd7 5. f4 c5 6. Nf3 Nc6 7. Be3 a6 8. Qd2 b5
9. dxc5 Bxc5 10. Bxc5 Nxc5 11. Qf2 Qe7 12. Bd3 Bb7 13. O-O b4 14. Ne2 Nxd3 15.
cxd3 O-O 16. Rac1 Rac8 17. Ned4 Nxd4 18. Nxd4 Rc7 19. Rxc7 Qxc7 20. Nb3 Rc8 21.
Qd2 a5 22. Rc1 Qb6+ 23. d4 Rc4 24. Nc5 Bc6 25. b3 Rxc1+ 26. Qxc1 Bb5 27. Qe3 g6
28. g4 Qd8 29. Qg3 h6 30. h4 Kh7 31. Qh3 Qa8 32. h5 gxh5 33. Qxh5 Qg8 34. g5
Qg6 35. Qxg6+ Kxg6 36. gxh6 Bc6 37. Kf2 Kxh6 38. Ke3 Kg6 39. Nd3 Bb5 40. Nb2
Kf5 41. Kf3 Ba6 42. Ke3 Bb5 43. Kf3 1/2-1/2

[Event "ENCI Limburg-open A"]
[Site "Maastricht"]
[Date "2012.05.26"]
[Round "2"]
[White "Leenhouts, Koen"]
[Black "Jeitz, Christian"]
[Result "1-0"]
[WhiteElo "2384"]
[BlackElo "2212"]
[PlyCount "103"]
[EventDate "2012.05.25"]
[EventType "swiss"]
[EventRounds "7"]
[EventCountry "NED"]
[Source "P.Boonen"]
[SourceDate "2013.01.01"]

1. e4 c5 2. Nf3 Nc6 3. Bb5 g6 4. Bxc6 dxc6 5. h3 Bg7 6. d3 e5 7. Be3 Qe7 8. Qd2
Nf6 9. Nc3 Nd7 10. Bh6 Bxh6 11. Qxh6 f6 12. Nd2 Nf8 13. f4 exf4 14. Qxf4 Ne6
15. Qf2 Nd4 16. Nf3 Nxf3+ 17. Qxf3 Bd7 18. Rf1 Rf8 19. O-O-O O-O-O 20. Rde1
Rde8 21. Qg3 Qe5 22. Qxe5 Rxe5 23. Re2 Kd8 24. Ref2 Ke7 25. Kd2 Rf7 26. b3 b6
27. Ne2 Be6 28. Ng1 c4 29. bxc4 Ra5 30. Ne2 Rxa2 31. Nd4 c5 32. Nc6+ Kd7 33.
Ne5+ fxe5 34. Rxf7+ Bxf7 35. Rxf7+ Ke6 36. Rxh7 Ra1 37. g4 g5 38. Kc3 Ra2 39.
Kb3 Ra1 40. Kb2 Rh1 41. Rxa7 Rxh3 42. Rg7 Kf6 43. Rb7 Rh4 44. Rxb6+ Ke7 45. Rc6
Rxg4 46. Rxc5 Ke6 47. Rc6+ Kf7 48. c5 Rh4 49. Rc7+ Kf6 50. Rc8 g4 51. Rg8 Kf7
52. c6 1-0

[Event "ENCI Limburg-open A"]
[Site "Maastricht"]
[Date "2012.05.26"]
[Round "2"]
[White "Lenhardt, Manfred"]
[Black "Beeke, Bobby"]
[Result "0-1"]
[WhiteElo "2127"]
[BlackElo "2231"]
[PlyCount "46"]
[EventDate "2012.05.25"]
[EventType "swiss"]
[EventRounds "7"]
[EventCountry "NED"]
[Source "P.Boonen"]
[SourceDate "2013.01.01"]

1. d4 d5 2. Nf3 Nf6 3. c4 c6 4. e3 Bg4 5. Nc3 e6 6. Be2 Nbd7 7. O-O Bd6 8. b3
h5 9. Qc2 Bxf3 10. Bxf3 Ng4 11. g3 Qf6 12. Qe2 O-O-O 13. Bxg4 hxg4 14. f4 gxf3
15. Rxf3 Qg6 16. e4 e5 17. cxd5 exd4 18. dxc6 Ne5 19. Nd5 Rxh2 20. Kxh2 Qh5+
21. Kg2 Rh8 22. cxb7+ Kb8 23. Bf4 Qh2+ 0-1

[Event "ENCI Limburg-open A"]
[Site "Maastricht"]
[Date "2012.05.26"]
[Round "2"]
[White "Majhi, Ankit"]
[Black "Bijlsma, Nick"]
[Result "0-1"]
[WhiteElo "1909"]
[BlackElo "2151"]
[PlyCount "94"]
[EventDate "2012.05.25"]
[EventType "swiss"]
[EventRounds "7"]
[EventCountry "NED"]
[Source "P.Boonen"]
[SourceDate "2013.01.01"]

1. e4 c5 2. Nf3 d6 3. d4 cxd4 4. Nxd4 Nf6 5. Nc3 Nc6 6. f3 e5 7. Nb3 Be6 8. Be3
Be7 9. Nd5 Bxd5 10. exd5 Nb4 11. c4 a5 12. Qd2 b6 13. Bd3 O-O 14. O-O Nd7 15.
a3 Nxd3 16. Qxd3 a4 17. Nd2 Nc5 18. Qc2 f5 19. b4 axb3 20. Nxb3 Na4 21. f4 g6
22. Rab1 Bf6 23. fxe5 dxe5 24. Nd2 Bg5 25. Bxg5 Qxg5 26. Rfe1 e4 27. Nb3 Qf6
28. Qd2 Rac8 29. Rbc1 Nb2 30. Rc2 Nxc4 31. Qb4 Ne5 32. Ree2 Nd3 33. Qd4 Qxd4+
34. Nxd4 Nf4 35. Red2 e3 36. Rd1 Nxd5 37. Nc6 Rf6 38. Nb4 Rxc2 39. Nxc2 Rc6 40.
Nd4 Rc4 41. Nf3 Nf6 42. Kf1 Rc3 43. Rd8+ Kg7 44. Rd6 Rxa3 45. Rxb6 Nd5 46. Rb7+
Kf6 47. g3 Ra2 0-1

[Event "ENCI Limburg-open A"]
[Site "Maastricht"]
[Date "2012.05.26"]
[Round "2"]
[White "Meurs, Tom"]
[Black "Van Osch, Mees"]
[Result "1-0"]
[WhiteElo "2246"]
[BlackElo "2029"]
[PlyCount "122"]
[EventDate "2012.05.25"]
[EventType "swiss"]
[EventRounds "7"]
[EventCountry "NED"]
[Source "P.Boonen"]
[SourceDate "2013.01.01"]

1. e4 c5 2. Nf3 d6 3. d4 cxd4 4. Nxd4 Nf6 5. Nc3 Nc6 6. Bc4 e6 7. Bb3 Be7 8.
Be3 O-O 9. O-O a6 10. f4 Qc7 11. f5 Nxd4 12. Bxd4 b5 13. a3 Bd7 14. Qd3 a5 15.
fxe6 fxe6 16. Nxb5 Bxb5 17. Qxb5 Kh8 18. Qd3 e5 19. Bc3 Qb6+ 20. Kh1 Ng4 21.
Be1 Rxf1+ 22. Qxf1 Rf8 23. Qe2 Nf2+ 24. Bxf2 Qxf2 25. Qxf2 Rxf2 26. g3 g6 27.
Bd5 Rxc2 28. b4 axb4 29. axb4 Kg7 30. Ra7 Kf8 31. b5 Rb2 32. Rb7 Bd8 33. Rxh7
Rxb5 34. Kg2 Rb2+ 35. Kf3 Bb6 36. Kg4 Be3 37. Rf7+ Ke8 38. Rf3 Bc1 39. h3 Rg2
40. Bf7+ Kf8 41. Bxg6+ Kg7 42. Bf7 Bd2 43. Bd5 Be1 44. h4 Rg1 45. Be6 Kh8 46.
Kh3 Bb4 47. Kh2 Rc1 48. g4 Bd2 49. g5 Bf4+ 50. Kg2 Kg7 51. Rb3 Kg6 52. Rb7 Rc2+
53. Kf3 Rc3+ 54. Kg2 Rc2+ 55. Kf1 Bxg5 56. hxg5 Kxg5 57. Rf7 Rb2 58. Rf2 Rb1+
59. Kg2 Rb6 60. Rf5+ Kg6 61. Kf2 Rb4 {.....} 1-0

[Event "ENCI Limburg-open A"]
[Site "Maastricht"]
[Date "2012.05.26"]
[Round "2"]
[White "Meyers, Mark"]
[Black "Clemens, Adrian HP"]
[Result "0-1"]
[WhiteElo "1918"]
[BlackElo "2245"]
[PlyCount "150"]
[EventDate "2012.05.25"]
[EventType "swiss"]
[EventRounds "7"]
[EventCountry "NED"]
[Source "P.Boonen"]
[SourceDate "2013.01.01"]

1. Nf3 Nf6 2. c4 g6 3. g3 Bg7 4. Bg2 d5 5. cxd5 Nxd5 6. O-O Nc6 7. d4 Nb6 8. e3
O-O 9. Nc3 Re8 10. Bd2 e5 11. dxe5 Nxe5 12. Nxe5 Bxe5 13. Qc2 c6 14. Rfd1 Qe7
15. Ne2 Bg4 16. Ba5 Rad8 17. h3 Be6 18. Nc3 Qc5 19. Bxb6 axb6 20. Rac1 b5 21.
Qe2 Qb4 22. Rc2 Qa5 23. Ne4 Qxa2 24. Nc5 Bc8 25. Qe1 Rxd1 26. Qxd1 Qa5 27. Rd2
Qc7 28. Ne4 Qe7 29. Nd6 Bxd6 30. Rxd6 Qe5 31. b4 Be6 32. Qd2 Kf8 33. Rd8 Ke7
34. Rxe8+ Kxe8 35. e4 Ke7 36. f4 Qd6 37. Qc3 h5 38. Kf2 h4 39. e5 hxg3+ 40.
Kxg3 Qd1 41. Qe3 Qb3 42. Qxb3 Bxb3 43. f5 gxf5 44. h4 Ke6 45. Kf4 f6 46. exf6
Kxf6 47. Bh3 Be6 48. Bg2 Bd5 49. Bh3 Be4 50. Bf1 b6 51. Be2 Bd5 52. Bd3 Be6 53.
Ke3 Ke5 54. h5 Kf6 55. Be2 Kg5 56. Kd4 f4 57. Ke5 Bc4 58. Bd1 Bd3 59. h6 c5 60.
Be2 Bh7 61. bxc5 bxc5 62. Bxb5 f3 63. Kd6 Kxh6 64. Kxc5 Kg5 65. Kd4 Kf4 66. Bc4
Bc2 67. Kc3 Bf5 68. Kd4 Bh3 69. Bd3 f2 70. Be2 Kg3 71. Ke3 Kg2 72. Bd3 Kg1 73.
Kf4 Bf1 74. Bf5 Bb5 75. Bh3 Bd7 0-1

[Event "ENCI Limburg-open A"]
[Site "Maastricht"]
[Date "2012.05.26"]
[Round "2"]
[White "Mueer, Sebastian"]
[Black "Schmitz, Andreas Arnold"]
[Result "1-0"]
[WhiteElo "2237"]
[BlackElo "2074"]
[PlyCount "75"]
[EventDate "2012.05.25"]
[EventType "swiss"]
[EventRounds "7"]
[EventCountry "NED"]
[Source "P.Boonen"]
[SourceDate "2013.01.01"]

1. c4 c5 2. g3 Nc6 3. Bg2 b6 4. Nc3 Bb7 5. e4 g6 6. Nge2 Bg7 7. O-O Nd4 8. d3
Nxe2+ 9. Qxe2 e5 10. f4 d6 11. f5 g5 12. a3 h5 13. h3 f6 14. Bf3 h4 15. Bh5+
Kf8 16. gxh4 gxh4 17. Qg4 Bc6 18. Kh2 Be8 19. Rg1 Qd7 20. Bxe8 Rxe8 21. Nd5 Qf7
22. Rg2 Rd8 23. Bd2 Rd7 24. Rag1 Rh7 25. Qd1 Ne7 26. Rxg7 Rxg7 27. Bh6 Nxd5 28.
Rxg7 Qxg7 29. Bxg7+ Rxg7 30. cxd5 Rg3 31. Qh5 Rxd3 32. Qxh4 Rd2+ 33. Kg3 Rd3+
34. Kf2 Ke7 35. Qh7+ Kd8 36. Qh8+ Kc7 37. Qxf6 Rxh3 38. Qe7+ 1-0

[Event "ENCI Limburg-open A"]
[Site "Maastricht"]
[Date "2012.05.26"]
[Round "2"]
[White "Nachbar, Benjamin"]
[Black "Lenaerts, Lennert"]
[Result "1-0"]
[WhiteElo "2153"]
[BlackElo "2043"]
[PlyCount "119"]
[EventDate "2012.05.25"]
[EventType "swiss"]
[EventRounds "7"]
[EventCountry "NED"]
[Source "P.Boonen"]
[SourceDate "2013.01.01"]

1. d4 Nf6 2. c4 g6 3. Nc3 Bg7 4. e4 d6 5. Nf3 O-O 6. Be2 e5 7. d5 Nbd7 8. Nd2
Ne8 9. h4 f5 10. h5 f4 11. g4 g5 12. f3 a5 13. Kf1 h6 14. Kg2 Nc5 15. Qc2 Bd7
16. Nd1 c6 17. Nb3 Nxb3 18. Qxb3 c5 19. Bd2 Ra7 20. Nf2 a4 21. Qc3 b5 22. cxb5
Qb6 23. b4 Rc7 24. bxc5 Rxc5 25. Qb4 Bxb5 26. Rhc1 Nc7 27. Rxc5 dxc5 28. Qa5
Qd6 29. Bxb5 Ra8 30. Qc3 Nxb5 31. Qb2 Nc7 32. Rb1 Na6 33. Qb6 Rd8 34. Qa5 Rb8
35. Rxb8+ Nxb8 36. Qxa4 Nd7 37. Qc6 Bf8 38. Nd3 Nb8 39. Qxd6 Bxd6 40. Nb2 Kf7
41. Nc4 Ke7 42. Ba5 Na6 43. Bc3 Nc7 44. Bxe5 Bxe5 45. Nxe5 Nb5 46. Nc4 Nc3 47.
a3 Nd1 48. Kf1 Nc3 49. Ke1 Kd7 50. Kd2 Nb5 51. a4 Nd4 52. e5 Nxf3+ 53. Kd3 Nh2
54. e6+ Ke7 55. Ne5 f3 56. Ke3 Kd6 57. a5 Kxe5 58. a6 Kxd5 59. a7 Kxe6 60. a8=Q
1-0

[Event "ENCI Limburg-open A"]
[Site "Maastricht"]
[Date "2012.05.26"]
[Round "2"]
[White "Offringa, Joost"]
[Black "Perrenet, Jacob"]
[Result "1-0"]
[WhiteElo "2107"]
[BlackElo "2078"]
[PlyCount "43"]
[EventDate "2012.05.25"]
[EventType "swiss"]
[EventRounds "7"]
[EventCountry "NED"]
[Source "P.Boonen"]
[SourceDate "2013.01.01"]

1. e4 g5 2. d4 h6 3. f4 Bg7 4. Bc4 e6 5. Nc3 c6 6. d5 b5 7. Bb3 Qb6 8. Qf3 Bb7
9. fxg5 hxg5 10. Nh3 cxd5 11. exd5 Na6 12. Bxg5 Rc8 13. O-O-O Nc5 14. Rhf1
Nxb3+ 15. axb3 f5 16. dxe6 dxe6 17. Qd3 Nf6 18. Qxb5+ Qxb5 19. Nxb5 Bxg2 20.
Nd6+ Ke7 21. Nf4 Bxf1 22. Ng6+ 1-0

[Event "ENCI Limburg-open A"]
[Site "Maastricht"]
[Date "2012.05.26"]
[Round "2"]
[White "Rietman, Frits"]
[Black "Van Foreest, Lucas"]
[Result "1-0"]
[WhiteElo "2262"]
[BlackElo "1960"]
[PlyCount "69"]
[EventDate "2012.05.25"]
[EventType "swiss"]
[EventRounds "7"]
[EventCountry "NED"]
[Source "P.Boonen"]
[SourceDate "2013.01.01"]

1. e4 e5 2. Nf3 Nc6 3. Bb5 a6 4. Ba4 Nf6 5. O-O Be7 6. Re1 b5 7. Bb3 d6 8. c3
O-O 9. d4 Bg4 10. Be3 d5 11. exd5 Nxd5 12. dxe5 Nxe3 13. Rxe3 Qxd1+ 14. Bxd1
Bc5 15. Re1 Rfe8 16. Nbd2 Rad8 17. Bb3 Re7 18. h3 Bxf3 19. Nxf3 Rde8 20. e6
fxe6 21. a3 h6 22. Re4 Bd6 23. h4 Na5 24. Ba2 g6 25. Rae1 c5 26. Rxe6 Rxe6 27.
Rxe6 Rxe6 28. Bxe6+ Kg7 29. Bc8 Nc4 30. Bxa6 Nxb2 31. Bxb5 c4 32. a4 Kf6 33.
Nd2 Be5 34. a5 Bxc3 35. Ne4+ 1-0

[Event "ENCI Limburg-open A"]
[Site "Maastricht"]
[Date "2012.05.26"]
[Round "2"]
[White "Rietveld, Leo"]
[Black "Heinichen, Nils"]
[Result "0-1"]
[WhiteElo "2041"]
[BlackElo "2054"]
[PlyCount "90"]
[EventDate "2012.05.25"]
[EventType "swiss"]
[EventRounds "7"]
[EventCountry "NED"]
[Source "P.Boonen"]
[SourceDate "2013.01.01"]

1. d4 Nf6 2. Nc3 d5 3. e4 Nxe4 4. Nxe4 dxe4 5. Bc4 Nc6 6. c3 e5 7. d5 Ne7 8. f3
exf3 9. Nxf3 f6 10. O-O Qd6 11. Be3 c6 12. b4 Nxd5 13. Bc5 Qd8 14. Bxf8 Rxf8
15. Nxe5 g6 16. Nf3 Bf5 17. Nd4 Qb6 18. Rxf5 gxf5 19. Qh5+ Rf7 20. Kh1 Kf8 21.
Nxf5 Qc7 22. Re1 Qd7 23. Bxd5 cxd5 24. Qh6+ Kg8 25. Qf4 Kh8 26. Nd6 Rff8 27.
Nf5 Rae8 28. Rd1 Re5 29. Nd4 Qe7 30. Nf3 Re4 31. Qf5 Re8 32. h3 Qe6 33. Qxe6
R4xe6 34. Rxd5 Kg7 35. Nd4 Re1+ 36. Kh2 Kg6 37. Nf3 Rc1 38. Nh4+ Kf7 39. Nf5
Re2 40. Rc5 Rcc2 41. Rc7+ Kg6 42. Nh4+ Kh6 43. Kg3 Re4 44. Nf5+ Kg5 45. Rc5 Re5
0-1

[Event "ENCI Limburg-open A"]
[Site "Maastricht"]
[Date "2012.05.26"]
[Round "2"]
[White "Roufs, Gerard"]
[Black "De Wit, Albert"]
[Result "1/2-1/2"]
[WhiteElo "2002"]
[BlackElo "2042"]
[PlyCount "86"]
[EventDate "2012.05.25"]
[EventType "swiss"]
[EventRounds "7"]
[EventCountry "NED"]
[Source "P.Boonen"]
[SourceDate "2013.01.01"]

1. d4 g6 2. c4 Bg7 3. Nc3 c5 4. d5 Bxc3+ 5. bxc3 f5 6. Bf4 d6 7. Qa4+ Bd7 8.
Qc2 Qa5 9. e3 Nf6 10. Bd3 Ba4 11. Qb2 Nbd7 12. Nf3 Nb6 13. O-O Qa6 14. Nd2
Nfxd5 15. Bg3 Nf6 16. e4 fxe4 17. Nxe4 Nxe4 18. Bxe4 O-O-O 19. Rfe1 Qxc4 20.
Bf3 e5 21. Qa3 Kb8 22. Re4 Qa6 23. Qb2 Bc6 24. Be2 c4 25. Rh4 g5 26. Rh6 Qa5
27. Rd1 Na4 28. Qd2 Nxc3 29. Bf1 Qa3 30. Qe3 Nb5 31. Qxg5 Ka8 32. Bxc4 Qa4 33.
Bb3 Qa5 34. Qh4 Nd4 35. Rxh7 Ne2+ 36. Kh1 Nxg3+ 37. hxg3 Rhf8 38. f3 Qc3 39.
Qc4 Rxf3 40. Qxc3 Rxc3 41. Rxd6 Re8 42. Bd5 Bxd5 43. Rxd5 Rxg3 1/2-1/2

[Event "ENCI Limburg-open A"]
[Site "Maastricht"]
[Date "2012.05.26"]
[Round "2"]
[White "Sarrau, Jelle"]
[Black "Mollema, Thomas"]
[Result "1-0"]
[WhiteElo "2287"]
[BlackElo "1917"]
[PlyCount "55"]
[EventDate "2012.05.25"]
[EventType "swiss"]
[EventRounds "7"]
[EventCountry "NED"]
[Source "P.Boonen"]
[SourceDate "2013.01.01"]

1. d4 d5 2. c4 e6 3. Nc3 f5 4. Bf4 Nf6 5. e3 Bd6 6. Bxd6 Qxd6 7. Nf3 c6 8. Bd3
Nbd7 9. cxd5 Nxd5 10. O-O O-O 11. Bc4 N7f6 12. Qb3 b5 13. Bxd5 exd5 14. Ne2 Ne4
15. Rac1 b4 16. Qa4 Bb7 17. Qa5 g5 18. Ng3 Nxg3 19. hxg3 f4 20. exf4 gxf4 21.
g4 h5 22. g5 Rf5 23. Rfe1 Kf7 24. Qc5 Qxc5 25. Rxc5 Re8 26. g6+ Kf8 27. g7+ Kf7
28. Rxe8 1-0

[Event "ENCI Limburg-open A"]
[Site "Maastricht"]
[Date "2012.05.26"]
[Round "2"]
[White "Schilperoort, Jeroen"]
[Black "Heinis, Vincent"]
[Result "1/2-1/2"]
[WhiteElo "1951"]
[BlackElo "2141"]
[PlyCount "35"]
[EventDate "2012.05.25"]
[EventType "swiss"]
[EventRounds "7"]
[EventCountry "NED"]
[Source "P.Boonen"]
[SourceDate "2013.01.01"]

1. d4 e6 2. Nf3 Nf6 3. Bf4 Nh5 4. Bg3 Nxg3 5. hxg3 b6 6. e3 Bb7 7. Bd3 h6 8.
Nbd2 c5 9. c3 Be7 10. Ne5 d6 11. Bb5+ Kf8 12. Nef3 Nc6 13. Qe2 Bf6 14. Ne4 Be7
15. Ned2 d5 16. g4 Bf6 17. Nb3 c4 18. Nbd2 1/2-1/2

[Event "ENCI Limburg-open A"]
[Site "Maastricht"]
[Date "2012.05.26"]
[Round "2"]
[White "Schoorl, Rob"]
[Black "Hovhanisian, Mher"]
[Result "1/2-1/2"]
[WhiteElo "2317"]
[BlackElo "2492"]
[PlyCount "75"]
[EventDate "2012.05.25"]
[EventType "swiss"]
[EventRounds "7"]
[EventCountry "NED"]
[Source "P.Boonen"]
[SourceDate "2013.01.01"]

1. e4 e6 2. d4 d5 3. e5 Bd7 4. Nf3 a6 5. Nc3 c5 6. dxc5 Bxc5 7. Bd3 b5 8. a3 h6
9. O-O Nc6 10. b4 Bb6 11. Bb2 Nge7 12. Ne2 Qc7 13. Qd2 O-O 14. Qf4 f5 15. Qg3
a5 16. Bc3 d4 17. Nexd4 Nxd4 18. Bxd4 Bxd4 19. Nxd4 axb4 20. Bxb5 f4 21. Qb3
bxa3 22. Nxe6 Bxe6 23. Qxe6+ Kh8 24. Qd6 Qa7 25. Bd7 Nf5 26. Bxf5 Rxf5 27. e6
Qc5 28. Qxc5 Rxc5 29. Rfe1 Rxc2 30. e7 Re8 31. Rxa3 Rxe7 32. Raa1 Rxe1+ 33.
Rxe1 g5 34. h4 Kg7 35. hxg5 hxg5 36. f3 Kg6 37. Re4 Kf5 38. Ra4 1/2-1/2

[Event "ENCI Limburg-open A"]
[Site "Maastricht"]
[Date "2012.05.26"]
[Round "2"]
[White "Smith, Thijmen"]
[Black "Bekker, Stefan"]
[Result "1-0"]
[WhiteElo "2172"]
[BlackElo "2175"]
[PlyCount "81"]
[EventDate "2012.05.25"]
[EventType "swiss"]
[EventRounds "7"]
[EventCountry "NED"]
[Source "P.Boonen"]
[SourceDate "2013.01.01"]

1. e4 c5 2. Nf3 d6 3. d4 cxd4 4. Nxd4 Nf6 5. Nc3 a6 6. f4 Nbd7 7. a4 g6 8. Be2
Bg7 9. Be3 O-O 10. O-O e5 11. Nb3 exf4 12. Bxf4 Ne5 13. Kh1 Bg4 14. Bg5 Bxe2
15. Qxe2 h6 16. Bh4 Re8 17. Rad1 Rc8 18. Nd5 g5 19. Bg3 Ned7 20. Nxf6+ Nxf6 21.
e5 Qe7 22. Nd4 dxe5 23. Nf5 Qc5 24. Nd6 Qxc2 25. Qxc2 Rxc2 26. Nxe8 Nxe8 27.
Rd8 Kf8 28. Rd7 Rxb2 29. Rdxf7+ Kg8 30. Re7 Nf6 31. Bxe5 Rb6 32. h3 Nh5 33.
Bxg7 Nxg7 34. Rff7 Ne6 35. Rxb7 Rxb7 36. Rxb7 Nc5 37. Rb4 Kf7 38. Rc4 Nb3 39.
Rc6 a5 40. Rc3 Nd4 41. Rc5 1-0

[Event "ENCI Limburg-open A"]
[Site "Maastricht"]
[Date "2012.05.26"]
[Round "2"]
[White "Surewaard, Wilbert"]
[Black "Schmitz, Manuela"]
[Result "1-0"]
[WhiteElo "2157"]
[BlackElo "2037"]
[PlyCount "65"]
[EventDate "2012.05.25"]
[EventType "swiss"]
[EventRounds "7"]
[EventCountry "NED"]
[Source "P.Boonen"]
[SourceDate "2013.01.01"]

1. d4 d5 2. Nf3 Nf6 3. g3 Bf5 4. Bg2 c6 5. O-O Nbd7 6. b3 e6 7. Bb2 Be7 8. Nbd2
Ne4 9. Ne1 Ndf6 10. Nd3 O-O 11. f3 Nxd2 12. Qxd2 h6 13. Kh1 Rc8 14. Rae1 Qc7
15. e4 dxe4 16. fxe4 Bh7 17. c4 Rcd8 18. Qe2 Qa5 19. Ba1 Qg5 20. Bc3 h5 21. Bd2
Qg4 22. Bf3 Bxe4 23. Bxe4 Qxe2 24. Rxe2 Rxd4 25. Nf2 Nxe4 26. Nxe4 Rfd8 27. Bc3
Rd3 28. Rc1 Ba3 29. Rcc2 f6 30. Nf2 R3d6 31. Rcd2 Bc1 32. Rxd6 Rxd6 33. Bb4 1-0

[Event "ENCI Limburg-open A"]
[Site "Maastricht"]
[Date "2012.05.26"]
[Round "2"]
[White "Swijsen, Lars"]
[Black "Friesen, Boris"]
[Result "0-1"]
[WhiteElo "2068"]
[BlackElo "2079"]
[PlyCount "100"]
[EventDate "2012.05.25"]
[EventType "swiss"]
[EventRounds "7"]
[EventCountry "NED"]
[Source "P.Boonen"]
[SourceDate "2013.01.01"]

1. d4 Nf6 2. Nf3 g6 3. c4 Bg7 4. Nc3 d5 5. e3 O-O 6. Qb3 c6 7. Bd2 dxc4 8. Bxc4
b5 9. Bd3 Bb7 10. Be2 a6 11. O-O Nbd7 12. a4 Qb6 13. Rfd1 Rac8 14. Rac1 Rfe8
15. Ng5 e6 16. Nge4 Bf8 17. Nxf6+ Nxf6 18. Na2 c5 19. a5 Qa7 20. dxc5 Bd5 21.
Qa3 Bxc5 22. Bb4 Bxb4 23. Nxb4 Qb7 24. Nxd5 Nxd5 25. Qb3 Rxc1 26. Rxc1 Rc8 27.
Qd1 Rxc1 28. Qxc1 Qc7 29. Qxc7 Nxc7 30. Bf3 Kf8 31. Kf1 Ke7 32. Ke2 Kd6 33. Kd3
Kc5 34. Ke4 f6 35. g4 Ne8 36. g5 Nd6+ 37. Kd3 fxg5 38. Bg4 e5 39. Be6 Kb4 40.
Bg8 h6 41. Bh7 Kb3 42. Bxg6 Kxb2 43. f4 gxf4 44. exf4 exf4 45. Kd4 f3 46. Kc5
Nc4 47. Bd3 Kc3 48. Bf1 f2 49. Kc6 Nxa5+ 50. Kb6 Nc4+ 0-1

[Event "ENCI Limburg-open A"]
[Site "Maastricht"]
[Date "2012.05.26"]
[Round "2"]
[White "Thinius, Marco"]
[Black "Wagener, Claude"]
[Result "1/2-1/2"]
[WhiteElo "2376"]
[BlackElo "2264"]
[PlyCount "99"]
[EventDate "2012.05.25"]
[EventType "swiss"]
[EventRounds "7"]
[EventCountry "NED"]
[Source "P.Boonen"]
[SourceDate "2013.01.01"]

1. c4 Nf6 2. g3 g6 3. Bg2 d5 4. cxd5 Nxd5 5. Nc3 Nb6 6. d3 Bg7 7. Be3 O-O 8.
Qd2 Re8 9. Bh6 Bh8 10. h4 N8d7 11. h5 Nf6 12. hxg6 hxg6 13. Nf3 Ng4 14. Rh4 Nd5
15. Ng5 Nxc3 16. bxc3 Qd6 17. Rb1 Qe5 18. d4 Qa5 19. Be4 Nxh6 20. Rxh6 Bg7 21.
Rh2 c5 22. e3 Rb8 23. f4 b5 24. Qd3 Rb6 25. dxc5 Bxc3+ 26. Kf1 b4 27. Kg1 Qxc5
28. Bd5 e6 29. Bb3 Ba6 30. Qe4 Bb7 31. Qd3 Ba6 32. Qe4 Rd8 33. Bxe6 Rxe6 34.
Nxe6 Qe7 35. Ng5 Qc5 36. Nxf7 Kxf7 37. Rh7+ Bg7 38. Rxb4 Rd1+ 39. Kh2 Rd2+ 40.
Kh3 Bf1+ 41. Kg4 Qc8+ 42. f5 gxf5+ 43. Qxf5+ Qxf5+ 44. Kxf5 Bd3+ 45. e4 Rf2+
46. Kg5 Kg8 47. Rxg7+ Kxg7 48. Rb7+ Kf8 49. Rxa7 Bxe4 50. g4 1/2-1/2

[Event "ENCI Limburg-open A"]
[Site "Maastricht"]
[Date "2012.05.26"]
[Round "2"]
[White "Van Kerkhof, David"]
[Black "Solodovnichenko, Yuri"]
[Result "0-1"]
[WhiteElo "2288"]
[BlackElo "2570"]
[PlyCount "62"]
[EventDate "2012.05.25"]
[EventType "swiss"]
[EventRounds "7"]
[EventCountry "NED"]
[Source "P.Boonen"]
[SourceDate "2013.01.01"]

1. e4 c5 2. Nf3 e6 3. d4 cxd4 4. Nxd4 Nf6 5. Nc3 d6 6. Be2 a6 7. O-O Nbd7 8. f4
b5 9. a3 Bb7 10. Bf3 Qc7 11. Kh1 Be7 12. Qe1 h5 13. Be3 g6 14. Rd1 Rc8 15. Qg3
Nc5 16. e5 Nfe4 17. Nxe4 Nxe4 18. Bxe4 Bxe4 19. f5 h4 20. Qf4 Bxg2+ 21. Kxg2
dxe5 22. Qf3 exd4 23. fxe6 f5 24. Bxd4 O-O 25. Kh3 Qc6 26. Qe3 g5 27. Rg1 g4+
28. Rxg4+ fxg4+ 29. Kxg4 Qg2+ 30. Kh5 Rf5+ 31. Kh6 Bf8+ 0-1

[Event "ENCI Limburg-open A"]
[Site "Maastricht"]
[Date "2012.05.26"]
[Round "2"]
[White "Van den Ouden, Lendert"]
[Black "Ritsema, Ronald"]
[Result "0-1"]
[WhiteElo "1990"]
[BlackElo "2051"]
[PlyCount "128"]
[EventDate "2012.05.25"]
[EventType "swiss"]
[EventRounds "7"]
[EventCountry "NED"]
[Source "P.Boonen"]
[SourceDate "2013.01.01"]

1. Nf3 Nf6 2. c4 g6 3. g3 Bg7 4. Bg2 O-O 5. O-O d6 6. d4 Nc6 7. Nc3 Rb8 8. b3
a6 9. Nd5 Bd7 10. Bg5 Ne4 11. Bc1 e6 12. Ne3 b5 13. cxb5 axb5 14. Bb2 Ne7 15.
Nd2 Nf6 16. Rc1 c6 17. Ne4 Nxe4 18. Bxe4 c5 19. Bg2 Qa5 20. Bc3 b4 21. Nc4 Qa7
22. Ba1 cxd4 23. Nxd6 Nd5 24. Qd2 Nc3 25. Bxc3 dxc3 26. Qc2 Qa6 27. Rfd1 Bc6
28. Bf1 Bd5 29. Ne4 Bxe4 30. Qxe4 Qxa2 31. Qc2 Qxc2 32. Rxc2 Rfd8 33. Rxd8+
Rxd8 34. e3 Rd1 35. Kg2 Rb1 36. Bc4 Kf8 37. Kf3 Ke7 38. h4 Ra1 39. Ke2 h6 40.
Kf3 Be5 41. Bd3 Ra3 42. Bc4 Ra5 43. Ke2 Ra7 44. Kd3 f6 45. Ke2 Ra1 46. Kf3 f5
47. Re2 g5 48. hxg5 hxg5 49. Rc2 g4+ 50. Ke2 Bd6 51. Kd3 e5 52. Ke2 Kf6 53. Bd5
Kg5 54. Bc4 f4 55. exf4+ exf4 56. gxf4+ Kxf4 57. Be6 Bc5 58. Bd5 Rb1 59. Bc4
Rh1 60. Bd3 Bd4 61. Ra2 Bxf2 62. Ra5 Kg3 63. Be4 Re1+ 64. Kd3 c2 0-1